Electric Machines (Record no. 6352)

MARC details
000 -LEADER
fixed length control field 00288nam a2200121Ia 4500
008 - FIXED-LENGTH DATA ELEMENTS--GENERAL INFORMATION
fixed length control field 191201s2010 xx 000 0 und d
100 ## - MAIN ENTRY--PERSONAL NAME
Personal name HUSAIN, Ashfaq
245 #0 - TITLE STATEMENT
Title Electric Machines
260 ## - PUBLICATION, DISTRIBUTION, ETC. (IMPRINT)
Place of publication, distribution, etc N. delhi
Name of publisher, distributor, etc Dhanpat Rai
Date of publication, distribution, etc 2010
300 ## - PHYSICAL DESCRIPTION
Extent misc
650 ## - SUBJECT ADDED ENTRY--TOPICAL TERM
Topical term or geographic name as entry element B.Tech(ECE)
942 ## - ADDED ENTRY ELEMENTS (KOHA)
Source of classification or shelving scheme Dewey Decimal Classification
Koha item type Text Books
Holdings
Withdrawn status Lost status Source of classification or shelving scheme Damaged status Not for loan Collection code Home library Current library Date acquired Source of acquisition Cost, normal purchase price Bill Number Total Checkouts Full call number Acc. no. / Barcode Date last seen Actual Cost, discounted price Bill Date Koha item type
    Dewey Decimal Classification     B.Tech(ECE) PIET C-LIBRARY PIET C-LIBRARY 29/05/2015 PANKAJ BOOK DEPOT PANIPAT 325.00 AS390   621.313 HUE 26503 04/12/2019 250.25 25/05/2015 Text Books
    Dewey Decimal Classification     B.Tech(ECE) PIET C-LIBRARY PIET C-LIBRARY 29/05/2015 PANKAJ BOOK DEPOT PANIPAT 325.00 AS390   621.313 HUE 26504 14/07/2020 250.25 25/05/2015 Text Books
    Dewey Decimal Classification     B.Tech(ECE) PIET C-LIBRARY PIET C-LIBRARY 29/05/2015 PANKAJ BOOK DEPOT PANIPAT 325.00 AS390   621.313 HUE 26505 04/12/2019 250.25 25/05/2015 Text Books
    Dewey Decimal Classification     B.Tech(ECE) PIET C-LIBRARY PIET C-LIBRARY 29/05/2015 PANKAJ BOOK DEPOT PANIPAT 325.00 AS390   621.313 HUE 26506 04/12/2019 250.25 25/05/2015 Text Books
    Dewey Decimal Classification     B.Tech(ECE) PIET C-LIBRARY PIET C-LIBRARY 29/05/2015 PANKAJ BOOK DEPOT PANIPAT 325.00 AS390   621.313 HUE 26507 04/12/2019 250.25 25/05/2015 Text Books

Design & Developed by: PIET Central Library
R70 Miles Stone Pattikalyana Samalkha Panipat 132102
mail ID :- [email protected], Phone No:- 0180-2569700 Ex.216